00340 a2200133 450000100060000002000150000604000370002110000240005824000410008224500360012330000070015936200090016665000310017571876 a8524909943 cAnchieta - Colégio São Paulo aProminska, Elzbieta10aAs aventuras de Paulina no Nilolpor10aAs aventuras de Paulina no Nilo a960 a2004 4aLiteratura infanto-juvenil